Asian Cities with over 20 million pop - Statistics

General Stats
  • This quiz has been taken 30 times
  • The average score is 10 of 11
Answer Stats
Hint Answer % Correct
20,900,000 Bĕijīng
100%
33,400,000 Delhi
100%
40,800,000 Tokyo
100%
26,600,000 Mumbai
96%
20,500,000 Bangkok
93%
21,300,000 Dhaka
93%
67,800,000 Guăngzhōu
93%
28,900,000 Jakarta
93%
26,700,000 Manila
93%
24,900,000 Seoul
93%
40,000,000 Shànghăi
93%
No matching quizzes found
Score Distribution
Percent of People with Each Score
Percentile by Number Answered
Your Score History
You have not taken this quiz